Guess The Rapper By The Lyric! Part 1 (Intermediate) - Statistics

General Stats
  • This quiz has been taken 62 times
  • The average score is 5 of 15
Answer Stats
Lyric Rapper % Correct
"If Pirus and Crips all got along They'd probably gun me down by the end of this song" Kendrick Lamar
57%
"I'm like a head trip to listen to, cuz I'm only giving her things you joke about with your friends inside your living room" Eminem
54%
"Let's make a deal, Rumpelstiltskin (Hm?) She wanna see my Purple pickle up in the wind (Okay)" Ski Mask The Slump God
52%
"She know I got the Fendi, Prada when I hit Milan" lil tecca
44%
"They done stole your dreams, you dunno who did it I treat the cash the way the government treats AIDS" Kanye West
41%
"Young Money militia, and I am the commissioner You don't want start Weezy, 'cause the F is for Finisher" Lil Wayne
39%
"I problem-solve with styrofoam, my world revolves around a black hole" juice wrld
37%
"Still rock my khakis with a cuff and a crease Still got love for the streets, reppin' 213 (For life)" Dr Dre
30%
"We done had a hell of a year. I'ma make it count while I'm here. God is the only man I fear." Lil baby
30%
"I sell ice in the winter, I sell fire in hell/I am a hustler, baby, I'll sell water to a whale" Jay Z
26%
"'i'm watchin' the moves you make, you might wanna stick to the basics Military mindstate, locked in, cocked in, make sure the mission is profitable." Snoop Dogg
24%
"And where, did you go, as I slept. (As I slept)" xxxtentacion
20%
"WHEN I FEEL LIKE ROLLIN' UP. I WAS SLIDING" Jeleel
13%
"Money. I ain't rich yet, but you know I ain't broke" Post Malone
9%
"Ridin' in, double-double R, that's that Cullinan (yeah) Pullin' in that four hundred grand, I just ordered this (yeah)" Tyler The Creator
7%
No matching quizzes found
Score Distribution
Percent of People with Each Score
Percentile by Number Answered
Your Score History
You have not taken this quiz